000 01218cac a22003251u 4500
003 EG-ScBUE
005 20220227132730.0
008 081217t1986 ua f 000 f eng d
020 _a9789774241352
040 _aEG-ScBUE
_beng
_erda
_cEG-ScBUE
_dEG-ScBUE
082 0 4 _a892.736
_bMAH
_222
100 1 _aMaḥfūẓ, Najīb,‏
_d1911-2006,
_eauthor.
245 1 4 _aThe beggar /
_cNaguib Mahfouz ; translated by Kristin Walker Henry and Nariman Khales Naili al-Warraki.
264 1 _aCairo :
_bThe American University in Cairo Press,
_c[1986]
264 4 _cc1986
300 _a140 pages ;
_c20 cm.
336 _2rdacontent
_atext
_btxt
337 _2rdamedia
_aunmediated
_bn
338 _2rdacarrier
_avolume
_bnc
490 0 _aModern Arabic literature
546 _aText in English ; translated from the original Arabic.
650 7 _aEgypt
_xSocial conditions
_y1981-
_vFiction.
_2BUEsh
650 7 _aEgyptian fiction
_xTranslations into English.
_2BUEsh
650 7 _aEgypt
_xIn literature.
_2BUEsh
653 _bARALIT
_cFebruary2022
655 _vReading book
_934232
700 1 _aHenry, Kristin Walker,
_etranslator.
_91505
700 1 _aAl-Warraki, Nariman Khales Naili,
_etranslator.
_91506
942 _cBB
_2ddc
999 _c24457
_d24429